000 00517cam a2200157 4500500
005 20260322014512.0
041 _afre
042 _adc
100 1 0 _aCombes, Didier
_eauthor
700 1 0 _aMonsan, Pierre
_eauthor
245 0 0 _aBiocatalysis or enzymatic catalysis
260 _c2026.
500 _a5
786 0 _nGreen chemistry | - | 2026-03-05 | p. 5-5
856 4 1 _uhttps://stm.cairn.info/process-intensification-and-sustainable-analysis-methods--bdti42493210-bio590-page-5?lang=en&redirect-ssocas=7080
999 _c1789642
_d1789642